Quizzes
Events
Quiz Creation
Community
Videos
Private Events
Remove Ads
Sign In
Join for FREE
Feedback
Dark Mode
Quiz Categories
Sports
Geography
Music
Movies
Television
Just For Fun
Miscellaneous
History
Literature
Language
Science
Gaming
Entertainment
Religion
Holiday
For Kids
Quiz Lab
Recent
Popular Today
Quiz Kudos Today
Editor Picks
Curator Picks
Quizzes by...
Day
Popularity
Type
Ratings
Length
Year
Community
Subscriptions
Recent Discussions
Orange Saloon
Badges
Playlists
Quests
Create
Leaderboards
Showdown
Live 5
Trivia Bingo
Activity
Puzzle Library
Sporcle Events
Private Events
Virtual Trivia
Globe League
Become a Host
Pub Owners
SporcleCon
Opinionation
Our Games
Videos
Blog
Mobile Apps
Partnerships
Remove Ads and Go Orange
Feedback
Sports
Athletes
MLB
NBA
NHL
NFL
Soccer
Sports Teams
WWE
NCAA
Football
Premier League
Basketball
Baseball
Hockey
Golf
Tennis
Cricket
Rugby
Auto Racing
Olympics
World Cup
Sports
Athletes
MLB
NBA
NHL
NFL
Soccer
Sports Teams
WWE
NCAA
Football
Premier League
Basketball
Baseball
Hockey
Golf
Tennis
Cricket
Rugby
Auto Racing
Olympics
World Cup
Random Quiz
Search Sporcle
×
Quiz Lab
Quiz Lab
Sports
National Team
Type in answers that appear in a list
Type in answers that appear in a list
Classic
Best Score? Go Orange.
F.C. Porto players who played for Portugal Stats
Can you name the most capped portuguese players who played for F.C. Porto at some point of their careers?
By
Sehtor
10m
25 Questions
275 Plays
275 Plays
275 Plays
Comments
Comments
Give Quiz Kudos
Give Quiz Kudos
-
- Ratings
hide this ad
More Info
Replay
Link that replays current quiz
Next Quiz
Link to next quiz in quiz playlist
You Got
0%
They Got
Avg Score
64%
Avg Friend Score
Upgrade to see
Score Distribution
Jump to the score distribution portion of the page
Score
0/25
Timer
10:00
0
Plays Today
Seasons with FCPorto
Player
% Correct
1988-
1996; 1999-
2007
Vítor Baía
94.9%
2004-
2007
Pepe
86.6%
2004-
2008; 2014-
2015
Quaresma
86.5%
1992-
2005
Jorge Costa
85.8%
2010-
2013
João Moutinho
83.4%
1999-
2004
Deco
82.5%
2002-
2005
Maniche
82.5%
2002-
2004
Paulo Ferreira
81.8%
1998-
99; 2001-
2004
Ricardo Carvalho
80.8%
2001-
2005
Costinha
79.3%
2005-
2010
Bruno Alves
74.6%
2004-
2010
Raul Meireles
73.8%
1987-
88; 1990-
94
Fernando Couto
70.9%
Seasons with FCPorto
Player
% Correct
1981-
1997
João Pinto
70.5%
1974-
1980; 1982-
1989
Fernando Gomes
68%
2001-
2003; 2004-
2008
Hélder Postiga
66.3%
1984-
1987
Futre
60.4%
1996-
1998; 2004
Sérgio Conceição
53.8%
1993-
1996; 1998-
2004
Secretário
52.4%
2000-
2002
Jorge Andrade
49.5%
1987-
88; 1994-
2000
Rui Barros
45.5%
2003-
2006
Hugo Almeida
40.4%
1992-
1997
Rui Jorge
20.4%
1982-
1987
Eurico
10.9%
1947-
1963
Virgílio
5.5%
Quiz Playlist
Details
Report
Send in Message
Add To Playlist
More Info:
Doesn't include players who played for FC Porto youth teams but never played for their first team.
Classic:
Type in answers that appear in a list
Last Updated: Feb 23, 2017
Quiz Scoreboard
CHALLENGE
Sign Up to Join the Scoreboard
Show All
Scores
Hide
Comments
May contain spoilers
Recently Published
College Basketball Coaching Resumes
by pancakes188
Sports
9m
Billboard Blitz: Fleetwood Mac
by CooCooCachoo
Music
15s
Presidents Visiting Landmarks
by Hejman
History
7m
More to Explore
Quiz From the Vault
Featured Blog Post
Where Did the Easter Bunny Come From?
hide this ad
You Might Also Like...
Tags
FC Porto
Football Players
National Team
Portugal
Portuguese Football
Today's Top Quizzes in Sports
Browse Sports
hide this ad
Today's Top Quizzes in National Team
Browse National Team
Top Contributed Quizzes in Sports
1
Les meilleurs buteurs des matchs entre le PSG et l’OM
2
2022 World Cup Stars
3
FIFA Club World Cup Champions
4
Les entraîneurs de l'OM et du PSG au 21e siècle
5
Criteria MLB: Left Handed Sluggers
6
AFC Teams Reveal (Wrong Answers Minefield)
7
5-to-1: UK Sports Teams
8
Name the Premier League winners with different clubs
9
5-to-1: FBS Animal Nicknames
10
Players with Multiple 50 Home Run Seasons
Explore More
Trending Topics
Disney
Marvel
NBA
Kpop
Anime
Crossword
Harry Potter
Pokémon
Song
Soccer
The Office
NFL
WWE
Country
Puzzle
hide this ad
More By:
Sehtor
Quiz
Plays
Rating
Category
Featured
Created
Biggest Portuguese Cities except Porto and Lisbon
295
3.50
Geography
Mar 19, 2015
F.C. Porto players who played for Portugal
275
3.00
Sports
Mar 26, 2015
Portuguese champions in England, Italy or Spain
268
5.00
Sports
May 22, 2015
Latin Europe Larger Urban Zones
257
5.00
Geography
Mar 3, 2017
Portugal national team foreign-born players
162
2.75
Sports
May 15, 2015
Go to Creator's Profile
Score Distribution
Quiz Creator Spotlight
Sehtor
Follow
Send a Message
Quizzes Created
-
Created Quiz Play Count
-
More By This Creator
Popular Quizzes Today
1
Find the US States - No Outlines Minefield
2
Find the Countries of Europe - No Outlines Minefield
3
The Countries of the World
4
Find the US States
5
Risky Map Clicking: Biggest States A-Z
6
US States
7
Popular People in 1961
8
Movies - When Are They Set?
More Sports Quizzes
Pitcher or Nicht-er?
Curator's Pick
Trending Quizzes
Risky Map Clicking: Least Populous States A-Z
1-10 Letter G Words
1-10 Letter F Words
Risky Map Clicking: Next State Alphabetically
Click the Washington State Counties! (Map)
Recently Updated
Leaping Animals
pecheneg
Reality TV Shows (A-Z)
bhenderson79
Rickey Henderson's Hall of Fame Teammates
pecheneg
Champions League XIs: Arsenal
pecheneg
Quick Pick: Celebrities in WWE's Hall of Fame
aduchscher
A-Z Keypad Blitz II
pecheneg
Multiple Oscar Actors
pecheneg
Mystery Phrase Blitz: Oscar 'Best Actors'
pecheneg
F. Scott Fitzgerald Novels
LTH
Pick 3 Villains
ddd62291
Trending Topics
Disney
Anime
Crossword
Kpop
Marvel
Harry Potter
NBA
Song
WWE
Country
Soccer
Puzzle
NFL
The Office
Pokémon
Your Account Isn't Verified!
In order to create a playlist on Sporcle, you need to verify the email address you used during registration. Go to your
Sporcle Settings
to finish the process.
Report this User
Report this user for behavior that violates our
Community Guidelines
.
Details:
Send Report
Go to the Sporcle.com Mobile Site →
Comments